000 00757cam a2200253 i 4500
001 10459
003 Mx-PuUPA
005 20231103153004.0
008 140415s1990 mx gr 000 0 spa d
040 _aMx-PuUPA
_bspa
_cMx-PuUPA
_dMx-PuUPA
_erda
041 0 _aspa
245 0 0 _a2000 pensamientos de grandes filósofos.
246 3 _aDos mil pensamientos de grandes filósofos.
250 _a1a edición
264 1 _aMéxico, D.F. :
_bEditorial Diana,
_c1990
300 _a328 páginas ;
_cAA cm
336 _2rdacontent
_atexto
_btxt
337 _2rdamedia
_asin medio
_bn
338 _2rdacarrier
_avolumen
_bnc
650 7 _aFilósofos
_2armarc
942 _2ddc
_cLI
_h086
_iD722
999 _c10459
_d10459